Crisis constitucional e insurgencia en Cataluą relato en defensa de la Constitucin̤ /

Detalles Bibliográficos
Autor principal: Teruel Lozano, Germǹ M.
Formato: eBook
Lenguaje:español
Publicado: Madrid: Dykinson, 2020
Materias:
Acceso en línea:Acceso restringido

MARC

LEADER 00000nam a22000007a 4500
005 20210204235858.0
007 cr|||| ||||
008 210205s2020 es |||||s|||| 00||0 spa d
020 |a 978-84-1377-162-5 
035 |a 32954 
040 |a vLex 
090 |c 11099  |d 11099 
100 1 |a Teruel Lozano, Germǹ M. 
245 1 0 |a Crisis constitucional e insurgencia en Cataluą  |h [Recurso electrn̤ico] :  |b relato en defensa de la Constitucin̤ /  |c Germǹ M. Teruel Lozano 
256 |a Servicio en ln̕ea 
260 |a Madrid:  |b Dykinson,  |c 2020 
300 |a 1 recurso electrn̤ico 
500 |a En el otoǫ de 2017 se vivi ̤en Cataluą una insurgencia institucional que evidenci ̤una profunda crisis constitucional. El Estado tuvo que defender el orden constitucional y, para ello, recurri ̤a unos instrumentos excepcionales: la aplicacin̤ del art. 155 CE, el enjuiciamiento y condena de los responsables de la insurgencia por va̕ penal, y la anulacin̤ por el Tribunal Constitucional de los principales actos y leyes con los que se haba̕ tratado de perpetrar la ruptura. Todo lo cual es estudiado por este libro, que ofrece un relato desde la perspectiva jurd̕ico-constitucional de lo sucedido. Sita︢ el contexto polt̕ico del procš, remontǹdose a sus primeros org̕enes, y analiza de forma crt̕ica la adecuacin̤ de la respuesta dada por las instituciones en defensa de la Constitucin̤. Asimismo, a partir de la revisin̤ tanto del orden internacional como del Derecho constitucional comparado y del Derecho constitucional espaǫl, se concluye la ilegalidad del intento de secesin̤ catalǹ y se destaca su ilegitimidad, incompatible con los postulados de un Estado democrt̀ico de Derecho. Se trat,̤ en definitiva, de un intento de golpe de Estado entre lo moderno y lo posmoderno, como se justifica en el libro. Por l︢timo, se cierra con una invitacin̤ a reflexionar sobre el futuro, que exige afrontar la crisis constitucional que an︢ permanece y que puede llegar a poner en cuestin̤ la solidez de la Constitucin̤ de 1978 si no se recupera el vigor de su fuerza integradora. 
506 1 |a Disponible solo en los productos indicados  |d vLex Global  |d vLex Global (Academic Edition, excluding Law Schools)  |d vLex Global (U.S. Academic Edition, Law Schools)  |d vLex Global (U.S. Academic Edition, excluding Law Schools)  |d vLex Global (Academic Edition, Law Schools) 
650 0 4 |a Derecho Constitucional  |z Espaą 
740 0 |a vLex Libros (Servicio en ln̕ea) 
856 4 0 |u http://vlex.com/source/crisis-constitucional-e-insurgencia-en-catalu-a-relato-en-defensa-de-la-constitucion-32954  |z Acceso restringido 
942 |c BOOK 
999 0 |a Constitutional right